[Event "POL-ch U14 Girls"]
[Site "Uniejow"]
[Date "2021.07.21"]
[Round "5"]
[White "Pudelko, Magdalena"]
[Black "Walentyn, Zuzanna"]
[Result "1-0"]
[WhiteElo "1477"]
[BlackElo "1297"]
[PlyCount "115"]
[EventDate "2021.07.18"]
[EventType "swiss"]
[EventRounds "9"]
[EventCountry "POL"]
[SourceTitle "EXT 2022"]
[Source "ChessBase"]
[SourceDate "2021.10.06"]
[SourceVersion "1"]
[SourceVersionDate "2021.10.06"]
[SourceQuality "1"]

1. e4 c5 2. Nf3 d6 3. d4 cxd4 4. Nxd4 Nf6 5. Nc3 Nc6 6. Bg5 a6 7. Qd2 e6 8. f3 Be7 9. 0-0-0 Bd7 10. Kb1 b5 11. Be3 b4 12. Nce2 a5 13. g4 Ne5 14. Ng3 Qb8 15. g5 Ng8 16. f4 Nc6 17. Nb5 a4 18. Nxd6+ Qxd6 19. Qxd6 Bxd6 20. Rxd6 Nge7 21. Bb5 Rb8 22. Bxa4 Ra8 23. b3 Nb8 24. Bxd7+ Nxd7 25. Rhd1 Nf8 26. Nh5 Rg8 27. Bd4 Nc8 28. Nxg7+ Rxg7 29. Bxg7 Nxd6 30. Bxf8 Kxf8 31. Rxd6 Rb8 32. Kb2 Ke7 33. e5 h6 34. gxh6 Rh8 35. Rd4 Rxh6 36. Rxb4 Rxh2 37. Rd4 f6 38. exf6+ Kxf6 39. a4 Kf5 40. a5 Rh4 41. a6 e5 42. Rb4 Rxf4 43. Rxf4+ exf4 44. a7 f3 45. a8Q Kf4 46. b4 f2 47. b5 Ke3 48. Qf8 Ke2 49. b6 f1Q 50. Qxf1+ Kxf1 51. b7 Kg2 52. b8Q Kh3 53. Qg8 Kh2 54. Kc3 Kh1 55. Kd3 Kh2 56. Ke3 Kh1 57. Kf2 Kh2 58. Qh8# 1-0

[Event "POL-ch U14 Girls"]
[Site "Uniejow"]
[Date "2021.07.20"]
[Round "2"]
[White "Bandyk, Joanna"]
[Black "Pudelko, Magdalena"]
[Result "1-0"]
[WhiteElo "1186"]
[BlackElo "1477"]
[PlyCount "135"]
[EventDate "2021.07.18"]
[EventType "swiss"]
[EventRounds "9"]
[EventCountry "POL"]
[SourceTitle "EXT 2022"]
[Source "ChessBase"]
[SourceDate "2021.10.06"]
[SourceVersion "1"]
[SourceVersionDate "2021.10.06"]
[SourceQuality "1"]

1. e4 c6 2. d3 d5 3. Nd2 e5 4. Ngf3 Bd6 5. g3 Bg4 6. Bg2 Nf6 7. 0-0 0-0 8. h3 Bh5 9. g4 Bg6 10. Re1 Re8 11. Nh4 dxe4 12. Nxg6 hxg6 13. dxe4 Na6 14. Nc4 Bc5 15. Bg5 Nb4 16. Re2 Qc7 17. a3 Na6 18. Qd3 b5 19. Nd2 Nh7 20. Nf3 Rac8 21. Bh4 Bb6 22. b4 Nf6 23. Nd2 Rcd8 24. Qf3 Re6 25. Rb1 Red6 26. Qc3 Bd4 27. Qf3 Qd7 28. Nb3 Bb6 29. Kh2 Nc7 30. Bg3 Qe7 31. Bh4 Ne6 32. Bg3 Bd4 33. Rd2 Ng5 34. Qe2 Kh7 35. Rbd1 Ne6 36. Qf3 Ng5 37. Qe2 Bb2 38. Rxd6 Rxd6 39. Rxd6 Qxd6 40. Nc5 Bd4 41. Nb3 Ne6 42. Qd2 Qd7 43. g5 Bxf2 44. Bxf2 Qxd2 45. Nxd2 Nxg5 46. Bxa7 Kg8 47. c4 Kf8 48. cxb5 cxb5 49. Bf1 Ngxe4 50. Nxe4 Nxe4 51. Bxb5 Nc3 52. Bc5+ Kg8 53. a4 f5 54. Bc4+ Kh7 55. a5 f4 56. a6 e4 57. a7 e3 58. a8Q e2 59. Qg8+ Kh6 60. Qh8+ Kg5 61. Be7+ Kf5 62. Qc8+ Ke4 63. Qc6+ Ke3 64. Bxe2 Nxe2 65. b5 f3 66. Bc5+ Nd4 67. Bxd4+ Kxd4 68. Qxf3 1-0

[Event "POL-ch U14 Girls"]
[Site "Uniejow"]
[Date "2021.07.19"]
[Round "1"]
[White "Pudelko, Magdalena"]
[Black "Mitrega, Wiktoria"]
[Result "1/2-1/2"]
[WhiteElo "1477"]
[BlackElo "1251"]
[PlyCount "120"]
[EventDate "2021.07.18"]
[EventType "swiss"]
[EventRounds "9"]
[EventCountry "POL"]
[SourceTitle "EXT 2022"]
[Source "ChessBase"]
[SourceDate "2021.10.06"]
[SourceVersion "1"]
[SourceVersionDate "2021.10.06"]
[SourceQuality "1"]

1. e4 e6 2. d4 d5 3. Nd2 Nf6 4. e5 Nfd7 5. Ngf3 c5 6. c3 Nc6 7. Bd3 Qb6 8. Qb3 Qxb3 9. axb3 cxd4 10. cxd4 a6 11. 0-0 Be7 12. Rd1 h6 13. Nf1 Rb8 14. Bd2 b5 15. Rdc1 Bb7 16. Ng3 0-0 17. Ne2 Rfc8 18. Ne1 Bb4 19. Bxb4 Nxb4 20. f4 g6 21. g4 Rc6 22. Rxc6 Nxc6 23. f5 Kg7 24. Nf3 Rc8 25. h4 Nb4 26. Nf4 Nxd3 27. f6+ Kg8 28. Nxd3 Rc2 29. Nfe1 Rc8 30. Kf2 Kf8 31. Ke3 Ke8 32. b4 Kd8 33. Nc5 Nxc5 34. bxc5 Ra8 35. Ra5 Kd7 36. Kd2 Bc6 37. Kc3 Kc7 38. Kb4 Kb7 39. Nd3 Rg8 40. Nf4 Rf8 41. Ra1 Ra8 42. Ka5 Rg8 43. Rf1 Rf8 44. h5 g5 45. Ng6 Rg8 46. Ne7 Rf8 47. Re1 Re8 48. Re3 Bd7 49. Re1 Bc6 50. Ra1 Ra8 51. Ra3 Re8 52. Kb4 Ra8 53. Ra1 Bd7 54. Rc1 Bc6 55. Ka5 Re8 56. Ng6 Rg8 57. Ra1 Ra8 58. Kb4 Re8 59. Ne7 Ra8 60. Ra3 Bd7 1/2-1/2

[Event "POL-chT 2nd League"]
[Site "Poronin"]
[Date "2020.09.12"]
[Round "8.8"]
[White "Pudelko, Magdalena"]
[Black "Cieslak, Wiktoria"]
[Result "0-1"]
[WhiteElo "1391"]
[BlackElo "2030"]
[PlyCount "134"]
[EventDate "2020.09.05"]
[EventType "team-swiss"]
[EventRounds "9"]
[EventCountry "POL"]
[SourceTitle "CBM 198 Extra"]
[Source "ChessBase"]
[SourceDate "2020.11.30"]
[SourceVersion "1"]
[SourceVersionDate "2020.11.30"]
[SourceQuality "1"]
[WhiteTeam "Krakow Dwie Wieze"]
[BlackTeam "Grudziadz Rotmistrz"]
[WhiteTeamCountry "POL"]
[BlackTeamCountry "POL"]

1. e4 c5 2. Nf3 d6 3. d4 Nf6 4. Nc3 cxd4 5. Nxd4 a6 6. Bg5 Nbd7 7. f4 Qc7 8. Qf3 h6 9. Bh4 g5 10. fxg5 hxg5 11. Bxg5 Qc5 12. Bxf6 Nxf6 13. Nf5 Nxe4 14. Qxe4 Qxf5 15. Bd3 Qxe4+ 16. Bxe4 e6 17. 0-0-0 Rb8 18. h4 d5 19. Bf3 Be7 20. h5 b5 21. g4 b4 22. Ne2 a5 23. Nd4 Bd7 24. Ne2 a4 25. Ng1 b3 26. cxb3 axb3 27. a3 Bf6 28. Rd3 Ke7 29. Bd1 Ba4 30. Nf3 Rhc8+ 31. Kb1 Rc2 32. Nd4 Rbc8 33. Bxc2 bxc2+ 34. Kc1 Bg5+ 35. Rd2 Rc4 36. Nf3 Bxd2+ 37. Nxd2 Rxg4 38. b3 Bd7 39. Kxc2 e5 40. Nf3 Bf5+ 41. Kb2 f6 42. a4 Rg3 43. Nh4 Bh7 44. a5 f5 45. a6 Rg8 46. Ng6+ Bxg6 47. hxg6 Rxg6 48. Rh7+ Kd6 49. a7 Rg8 50. Rh6+ Kc5 51. Rh5 Ra8 52. Rxf5 Kd4 53. Rf7 Kd3 54. Rf5 Ke4 55. Rf7 d4 56. Kc2 Ke3 57. Kd1 d3 58. b4 Rh8 59. Rf1 d2 60. Rg1 e4 61. Rg3+ Kf2 62. b5 e3 63. b6 Rh1+ 64. Kc2 d1Q+ 65. Kc3 Qd2+ 66. Kb3 Qd5+ 67. Kb2 Kxg3 0-1

[Event "POL-chT 2nd League"]
[Site "Poronin"]
[Date "2020.09.11"]
[Round "7.4"]
[White "Poznanska, Katarzyna"]
[Black "Pudelko, Magdalena"]
[Result "1-0"]
[WhiteElo "2057"]
[BlackElo "1391"]
[PlyCount "75"]
[EventDate "2020.09.05"]
[EventType "team-swiss"]
[EventRounds "9"]
[EventCountry "POL"]
[SourceTitle "CBM 198 Extra"]
[Source "ChessBase"]
[SourceDate "2020.11.30"]
[SourceVersion "1"]
[SourceVersionDate "2020.11.30"]
[SourceQuality "1"]
[WhiteTeam "Strzelce Opolskie Strzelec"]
[BlackTeam "Krakow Dwie Wieze"]
[WhiteTeamCountry "POL"]
[BlackTeamCountry "POL"]

1. e4 c5 2. Nf3 d6 3. d4 cxd4 4. Qxd4 Nc6 5. Bb5 Bd7 6. Bxc6 Bxc6 7. Nc3 Nf6 8. Bg5 e6 9. Qd3 e5 10. 0-0-0 Be7 11. Bxf6 gxf6 12. Nh4 Qd7 13. Nf5 0-0-0 14. Qc4 Rhf8 15. Nd5 Rde8 16. Ndxe7+ Rxe7 17. Rxd6 Qc7 18. Nxe7+ Qxe7 19. Rhd1 Kb8 20. Qd3 Kc8 21. Qa3 Kb8 22. Qa5 a6 23. Rd8+ Ka7 24. Rxf8 Qxf8 25. f3 Qh6+ 26. Kb1 Qxh2 27. Qc5+ Kb8 28. Qb6 Bd7 29. Qd6+ Ka7 30. Qxd7 Qxg2 31. Qd3 h5 32. Qe3+ Kb8 33. Qb6 Qh3 34. Rd8+ Qc8 35. Qd6+ Ka7 36. Rxc8 h4 37. Qc5+ b6 38. Qc7# 1-0

[Event "POL-chT 2nd League"]
[Site "Poronin"]
[Date "2020.09.09"]
[Round "5.4"]
[White "Pastuszko, Kinga"]
[Black "Pudelko, Magdalena"]
[Result "1-0"]
[WhiteElo "1978"]
[BlackElo "1391"]
[PlyCount "103"]
[EventDate "2020.09.05"]
[EventType "team-swiss"]
[EventRounds "9"]
[EventCountry "POL"]
[SourceTitle "CBM 198 Extra"]
[Source "ChessBase"]
[SourceDate "2020.11.30"]
[SourceVersion "1"]
[SourceVersionDate "2020.11.30"]
[SourceQuality "1"]
[WhiteTeam "Konin UKS Smecz"]
[BlackTeam "Krakow Dwie Wieze"]
[WhiteTeamCountry "POL"]
[BlackTeamCountry "POL"]

1. e4 c5 2. Nf3 d6 3. d4 cxd4 4. Nxd4 Nf6 5. Nc3 a6 6. Bd3 e5 7. Nde2 b5 8. a3 Bb7 9. 0-0 Be7 10. Ng3 Bc8 11. Nd5 Be6 12. Kh1 Nc6 13. c4 bxc4 14. Bxc4 0-0 15. Be3 Ng4 16. Bb6 Qd7 17. f3 Nf6 18. b4 Rfb8 19. Be3 Bd8 20. f4 Bxd5 21. exd5 Ne7 22. fxe5 dxe5 23. d6 Nc8 24. Nf5 Kh8 25. Qf3 Nxd6 26. Nxd6 Qxd6 27. Bxf7 Bc7 28. Qh3 Bb6 29. Bg6 Qd7 30. Bf5 Qe7 31. Bg5 Qb7 32. Qh4 Rf8 33. Bxf6 gxf6 34. Be4 Qg7 35. Bxa8 Rxa8 36. Qxf6 Bd4 37. Qf3 Rg8 38. Rac1 Bb2 39. Rc6 Bxa3 40. Rxa6 Bxb4 41. Rfa1 Bc5 42. Ra8 Rf8 43. h3 Qe7 44. Rxf8+ Qxf8 45. Ra8 Kg7 46. Rxf8 Bxf8 47. Qf5 Be7 48. Qxe5+ Bf6 49. Qf5 Bc3 50. Qg4+ Kh6 51. Qf4+ Kg7 52. Qc7+ 1-0

[Event "Polanica Zdroj op-E 56th"]
[Site "Polanica Zdroj"]
[Date "2020.08.22"]
[Round "8"]
[White "Kopestynski, Michal"]
[Black "Pudelko, Magdalena"]
[Result "1-0"]
[WhiteElo "1378"]
[BlackElo "1433"]
[PlyCount "49"]
[EventDate "2020.08.15"]
[EventType "swiss"]
[EventRounds "9"]
[EventCountry "POL"]
[SourceTitle "CBM 198 Extra"]
[Source "ChessBase"]
[SourceDate "2020.11.30"]
[SourceVersion "1"]
[SourceVersionDate "2020.11.30"]
[SourceQuality "1"]

1. e4 c5 2. Nc3 Nc6 3. f4 g6 4. Nf3 Bg7 5. Bb5 Nd4 6. 0-0 Nxb5 7. Nxb5 d5 8. exd5 Qxd5 9. Nc7+ Kd8 10. Nxd5 e6 11. Nc3 Ne7 12. d4 cxd4 13. Nxd4 Bd7 14. Be3 Rc8 15. Ndb5 a6 16. Bb6+ Ke8 17. Nd6+ Kf8 18. Nxc8 Nxc8 19. Qxd7 Bxc3 20. Qxc8+ Kg7 21. Qxc3+ Kg8 22. Bd4 Kf8 23. Bxh8 b5 24. Bf6 b4 25. Qc8# 1-0

[Event "Polanica Zdroj op-E 56th"]
[Site "Polanica Zdroj"]
[Date "2020.08.21"]
[Round "7"]
[White "Pudelko, Magdalena"]
[Black "Bochniak, Jakub"]
[Result "1-0"]
[WhiteElo "1433"]
[BlackElo "1254"]
[PlyCount "85"]
[EventDate "2020.08.15"]
[EventType "swiss"]
[EventRounds "9"]
[EventCountry "POL"]
[SourceTitle "CBM 198 Extra"]
[Source "ChessBase"]
[SourceDate "2020.11.30"]
[SourceVersion "1"]
[SourceVersionDate "2020.11.30"]
[SourceQuality "1"]

1. e4 e5 2. Nf3 Nc6 3. Bc4 b6 4. d3 Be7 5. 0-0 Nf6 6. Re1 0-0 7. Nbd2 d6 8. c3 Na5 9. Bb5 a6 10. Ba4 b5 11. Bc2 c5 12. Nf1 Bg4 13. h3 Be6 14. Ng3 Nd7 15. Nd2 Bh4 16. Ngf1 f5 17. Nf3 f4 18. Nxh4 Qxh4 19. Nh2 Rf6 20. Nf3 Qh6 21. Kh2 g5 22. d4 Rg6 23. d5 Bg4 24. Rh1 Nf6 25. Kg1 Bd7 26. b3 Kh8 27. Nh2 Qh4 28. Nf3 Qh5 29. Nh2 Qh6 30. Ng4 Qh4 31. Nxf6 Rxf6 32. Bd3 Rg8 33. Be2 Rh6 34. Bg4 Be8 35. Qe1 Rf6 36. Rb1 Nb7 37. a4 h5 38. g3 fxg3 39. fxg3 Rgf8 40. gxh4 Rf1+ 41. Qxf1 Rxf1+ 42. Kxf1 hxg4 43. hxg4 1-0

[Event "Liptovsky Mikulas V4 U11 op"]
[Site "Liptovsky Mikulas"]
[Date "2016.06.24"]
[Round "5"]
[White "Zumrik, Lukas"]
[Black "Pudelko, Magdalena"]
[Result "0-1"]
[WhiteElo "1260"]
[BlackElo "1124"]
[PlyCount "124"]
[EventDate "2016.06.23"]
[EventType "swiss"]
[EventRounds "9"]
[EventCountry "SVK"]
[SourceTitle "CBM 173 Extra"]
[Source "ChessBase"]
[SourceDate "2016.08.29"]
[SourceVersion "1"]
[SourceVersionDate "2016.08.29"]
[SourceQuality "1"]

1. e4 c5 2. Nf3 d6 3. d4 cxd4 4. Nxd4 Nf6 5. Bb5+ Nbd7 6. Nc3 a6 7. Bc4 e6 8. Bg5 Be7 9. Qe2 0-0 10. 0-0 Nb6 11. Bb3 Nxe4 12. Bxe7 Nxc3 13. bxc3 Qxe7 14. Rfe1 Re8 15. Nf5 Qd7 16. Rad1 d5 17. c4 Rd8 18. Ne3 h6 19. cxd5 Qe7 20. Nf5 Qf6 21. Ne3 Qg5 22. dxe6 fxe6 23. Rxd8+ Qxd8 24. Ng4 Qe7 25. Bxe6+ Bxe6 26. Qxe6+ Qxe6 27. Rxe6 Na4 28. Re7 b5 29. h4 Nc3 30. a3 Nb1 31. Re3 Rc8 32. Re6 Rxc2 33. Rxa6 Rc3 34. Ra5 Nxa3 35. Ra8+ Kh7 36. f4 b4 37. Rb8 Rc4 38. g3 Rc3 39. Kg2 b3 40. Kh3 Nc4 41. Nf2 Ne3 42. Ne4 Rc1 43. Nf2 Rb1 44. g4 Nc4 45. Rb4 b2 46. Nd3 Rh1+ 47. Kg2 b1Q 48. Rxb1 Rxb1 49. Kf3 Nd6 50. Ne5 Rh1 51. h5 Ra1 52. Kg3 Ne4+ 53. Kf3 Re1 54. Nd3 Nd2+ 55. Kf2 Re8 56. Ne5 Kg8 57. Kg3 Kf8 58. Ng6+ Kf7 59. Ne5+ Ke6 60. Kh4 Nf1 61. g5 Kf5 62. Ng6 Re2 0-1